Catálogo

ADMINISTRACION DEL PROGRAMA DE VENTAS (Registro nro. 20556)

Detalles MARC
000 -LEADER
fixed length control field 00489nam a2200181 a 4500
001 - CONTROL NUMBER
control field 20556
005 - DATE AND TIME OF LATEST TRANSACTION
control field 20180713214149.0
008 - FIXED-LENGTH DATA ELEMENTS--GENERAL INFORMATION
fixed length control field 140415s1981 000 0 spa d
020 ## - INTERNATIONAL STANDARD BOOK NUMBER
International Standard Book Number 9681305493
041 ## - LANGUAGE CODE
Language code of text/sound track or separate title spa
082 ## - DEWEY DECIMAL CLASSIFICATION NUMBER
Classification number 658.81
Item number SHA
100 1# - MAIN ENTRY--PERSONAL NAME
Personal name SHAPIRO, BENSON P.
245 10 - TITLE STATEMENT
Title ADMINISTRACION DEL PROGRAMA DE VENTAS
260 ## - PUBLICATION, DISTRIBUTION, ETC.
Place of publication, distribution, etc. [s.l.] :
Name of publisher, distributor, etc. DIANA,
Date of publication, distribution, etc. 1981
300 ## - PHYSICAL DESCRIPTION
Extent 688
650 14 - SUBJECT ADDED ENTRY--TOPICAL TERM
Topical term or geographic name entry element ADMINISTRACION DE VENTAS
700 1# - ADDED ENTRY--PERSONAL NAME
Personal name FERNANDEZ MADARIEGA, MANUEL
Relator term tr.
Existencias
Withdrawn status Lost status Source of classification or shelving scheme Damaged status Not for loan Collection code Home library Current library Shelving location Date acquired Source of acquisition Inventory number Total Checkouts Full call number Barcode Date last seen Price effective from Koha item type
    Dewey Decimal Classification     General Biblioteca Karol Wojtyla Biblioteca Karol Wojtyla Sala general 03/12/2013 Compra 151000000000000000029640   658.81 SHA 40413 05/01/2026 03/12/2013 Libro